1914 1665 1808 1819 1518 1409 1843 1802 1110 1897 1649 1487 1288 1165 1752 1083 1074 1000 1282 1948 1136 1898 1989 1696 1608 1736 1598 1883 1217 1593 1965 1635 1424 1922 1454 1507 1225 1570 1104 1313 1860 1971 1272 1344 1900 1459 1614 1903 1729 1745 1693 1774 1657 1132 1610 1474 1494 1928 1296 1255 1208 1060 1808 1860 1788 1720 1857 1399 1837 1274 1978 1917 1191 1238 1115 1685 1207 1146 1708 1551 1611 1977 1764 1980 1908 1048 1001 1357 1810 1682 1088 1249 1110 1310 1401 1315 1132 1479 1668 BCNSPRNW ULIB Ver.6.0+V

เปลี่ยนเป็นภาษาไทย

Change to English
 แสดงรายละเอียดบรรณานุกรม
  กลับหน้าหลัก

Brief Record : Get Marc (ISO 2709) : E-mail record : QR code < ปิดหน้าต่าง
LEADER : 00000nam a2200000Ia 4500
001    13399128327
003     ULIB
008    220422s2564 th a b 000 0 tha d
020    ^a9786168201183 (ล.1)
020    ^a9786168201190 (ล.2)
040    ^absi
060 04 ^aWV140^bร924 ล.1-2
245 00 ^aโรค หู คอ จมูก :^bสำหรับนักศึกษาแพทย์และแพทย์เวชปฏิบัติทั่วไป /^cบรรณาธิการ, ภาวิน เกษกุล, จีระสุข จงกลวัฒนา, โชคชัย เมธีไตรรัตน์
250    ^aพิมพ์ครั้งที่ 2
260    ^aกรุงเทพฯ :^bสำนักพิมพ์ศิริราช คณะแพทยศาสตร์ศิริราชพยาบาลมหาวิทยาลัยมหิดล,^c2564
300    ^a2 เล่ม :^bภาพประกอบ ;^c27 ซม.
500    ^aCL มีพิมพ์ครั้งที่ 1 ปีพิมพ์เดียวกัน
650  4 ^aหู คอ จมูก, โรค^xการรักษา
650  4 ^aหู, โรค^xการรักษา
650  4 ^aคอ, โรค^xการรักษา
650  4 ^aจมูก, โรค^xการรักษา
653    ^aผลงานอาจารย์คณะแพทยศาสตร์ศิริราชพยาบาล
690    ^aMahidol IR
700 0  ^aภาวิน เกษกุล,^eบรรณาธิการ
700 0  ^aจีระสุข จงกลวัฒนา,^eบรรณาธิการ
700 0  ^aโชคชัย เมธีไตรรัตน์,^eบรรณาธิการ
710 2  ^aมหาวิทยาลัยมหิดล.^bคณะแพทยศาสตร์ศิริราชพยาบาล.^bภาควิชาโสต นาสิกลาริงซ์วิทยา
945    ^p1500^l0^i29550
945    ^p1500^l0^i29551
995    ^aกัณชพร จุลอักษร
999    ^aกัณชพร
รายการนี้ยังไม่มีแท็ก
คุณยังไม่ได้ล็อกอิน คุณสามารถมีกิจกรรมร่วมกับเว็บไซต์ได้ แต่ต้องล็อกอินก่อน ::
  ล็อกอิน

รายการสื่อสารสนเทศ

ลำดับที่ ประเภท เลขเรียก/บาร์โค้ด สถานที่ สถานะ
1. หนังสือสำรอง
หนังสือสำรอง
WV140 ร924 ล.1-2 ฉ.1 
  Barcode: 29550
ห้องสมุดวิทยาเขตนครสวรรค์
►หนังสือทั่วไป:l:General Books
บนชั้น
2. วิทยาศาสตร์การแพทย์ และสุขภาพ
วิทยาศาสตร์การแพทย์ และสุขภาพ
WV140 ร924 ล.1-2 ฉ.2 
  Barcode: 29551
ห้องสมุดวิทยาเขตนครสวรรค์
►หนังสือทั่วไป:l:General Books
บนชั้น

BibComment


ยังไม่เคยถูกคอมเมนท์

คอมเมนท์ทรัพยากรรายการนี้
  คอมเมนท์: โรค หู คอ จมูก ..


 Copyright 2026. Bcnsprnw @Library